| 000 -LEADER | |
|---|---|
| fixed length control field | 00393nam a22001577a 4500 |
| 005 - DATE AND TIME OF LATEST TRANSACTION | |
| control field | 20180726151201.0 |
| 008 - FIXED-LENGTH DATA ELEMENTS--GENERAL INFORMATION | |
| fixed length control field | 160623b xxu||||| |||| 00| 0 eng d |
| 041 ## - LANGUAGE CODE | |
| Language code of text/sound track or separate title | eng |
| 082 ## - DEWEY DECIMAL CLASSIFICATION NUMBER | |
| Item number | 9089 |
| Classification number | 658.31243 |
| 100 ## - MAIN ENTRY--AUTHOR NAME | |
| Personal name | Lynion, Rolf P & Pareek, Udai |
| 245 ## - TITLE STATEMENT | |
| Title | Training for organizational Transformaation |
| 260 ## - PUBLICATION, DISTRIBUTION, ETC. (IMPRINT) | |
| Name of publisher | Sage |
| 300 ## - PHYSICAL DESCRIPTION | |
| Number of Pages | 407p, |
| 650 ## - SUBJECT ADDED ENTRY--TOPICAL TERM | |
| Topical Term | Management |
| 942 ## - ADDED ENTRY ELEMENTS (KOHA) | |
| Koha item type | Books |
| Lost status | Damaged status | Collection code | Home library | Current library | Shelving location | Date acquired | Cost, normal purchase price | Full call number | Accession Number | Koha item type |
|---|---|---|---|---|---|---|---|---|---|---|
| MANAGEMENT | JRU Library | JRU Library | SHELF-72-B | 23/06/2016 | 320.00 | 658.31243 | 9089 | Books |